| 000 | 00777cam a2200253 a 4500 | ||
|---|---|---|---|
| 001 | 000009085 | ||
| 005 | 20200929161501.0 | ||
| 008 | 971106s1997 sp 000 f spa | ||
| 020 | _a8466302484 | ||
| 040 |
_aDO-SdBNP _bspa _cBNPHU _dBNPHU |
||
| 082 |
_aCu864.44 _bC117c |
||
| 100 | 1 |
_aCabrera Infante, G. _d1929-2005 _923733 |
|
| 245 | 1 | 0 |
_aCine o sardina / _cGuillermo Cabrera Infante. |
| 260 |
_aMadrid : _bSantillana, _c1997. |
||
| 300 |
_a633 p. ; _c19 cm. |
||
| 490 | 1 | _aBiblioteca de Bolsillo | |
| 490 | 1 | _aPunto de Lectura | |
| 500 | _aIncluye índices | ||
| 650 | 4 |
_aEnsayos cubanos _95691 |
|
| 650 | 4 |
_aCine _xEnsayos, conferencias, etc. _923734 |
|
| 650 | 4 |
_aLiteratura cubana _91483 |
|
| 830 | 0 |
_aBiblioteca de Bolsillo _95816 |
|
| 830 | 0 |
_aPunto de Lectura _93047 |
|
| 999 |
_c8849 _d8849 |
||